Normal view
MARC view
Entry Topical Term
001 - CONTROL NUMBER
- control field: 52187
003 - CONTROL NUMBER IDENTIFIER
- control field: ARRUPE
005 - DATE AND TIME OF LATEST TRANSACTION
- control field: 20230220101043.0
008 - FIXED-LENGTH DATA ELEMENTS
- fixed length control field: 230220|| aca||aabn | a|a d
040 ## - CATALOGING SOURCE
- Original cataloging agency: ARRUPE
- Transcribing agency: ARRUPE
150 ## - HEADING--TOPICAL TERM
- Topical term or geographic name as entry element: Kierkegaard,Soren,1813-1855.Sygdommen tildoden
670 ## - SOURCE DATA FOUND
- Source citation: Work cat.: (ARRUPE)131632: Perkins Robert L. 52186, International Kierkegaard commentary:, 1984.